000 00263nam a2200097Ia 4500
001 1250796
005 20251031150903.0
008 251031s9999 xx 000 0 und d
245 0 _cPETER MOORE
_aH-4 50 BİLİM İNSANIYLA KISA TARİHİ
260 _bORENDA YAYINLARI
999 _c1250796
_d1250796